|
|
|
|
| LEADER |
00000nab a2200000 a 4500 |
| 001 |
vtls000452246 |
| 003 |
SK-MaSNL |
| 005 |
20260304082622.0 |
| 008 |
250424c1992 xo 0 slo |
| 015 |
|
|
|a SNBRB19rr/mm-uuuuu
|
| 035 |
|
|
|a CL0452377
|
| 035 |
|
|
|a urn:nbn:sk:snk-abbmpl
|
| 035 |
|
|
|a (urnnbn)urn:nbn:sk:snk:ar-002rxk
|
| 035 |
|
|
|a (uuid)ffe9bb6b-5b59-4e36-8b38-efe830161ff0
|
| 040 |
|
|
|a SNKBUCL
|b slo
|c SNKBUCL
|e AACR2
|
| 041 |
0 |
|
|a slo
|
| 044 |
|
|
|a xo
|c SK
|
| 080 |
|
|
|a 800.7:808.54:301
|2 1981
|
| 080 |
|
|
|a 808.54
|2 1981
|
| 080 |
|
|
|a 301
|2 1981
|
| 100 |
1 |
|
|a Patráš, Vladimír,
|d 1959-
|4 aut
|9 241952
|
| 245 |
1 |
0 |
|a Anketové sondy do bežnej komunikácie v meste
|c Vladimír Patráš
|
| 300 |
|
|
|b Tab.
|
| 504 |
|
|
|a Bibliogr. odkazy
|
| 650 |
0 |
7 |
|a slovenčina
|2 snkbucl
|9 1350
|
| 650 |
0 |
7 |
|a jazyková komunikácia
|2 snkbucl
|9 990
|
| 773 |
0 |
|
|t Slovenská reč
|g Roč. 57, č. 1 (1992), s. 10-19
|
| 850 |
|
|
|a Slovenská národná knižnica
|
| 852 |
|
|
|a Slovenská národná knižnica
|
| 954 |
|
|
|a odborná, vedecká literatúra pôvodná (slovenská)
|2 lita
|
| 958 |
|
|
|a article15
|
| 958 |
|
|
|a NB
|
| 958 |
|
|
|a OND
|
| 958 |
|
|
|a EUIPO
|
| 999 |
|
|
|c 2797362
|d 2799292
|